Magie, pověra, zvyk, lidové náboženství - jejich vzájemné vztahy

Bibliographic Details
Main Authors: Rychlík, Jan (Author), Rychlíková, Magdaléna, 1955- (Author)
Format: Book
Language:Czech
PhysicalDescription:S. 31-39 23 cm
Published: [S.l. s.n. 1992]
Subjects:

MARC

LEADER 00000nam a2200000 a 4500
001 vtls001330677
003 SK-MaSNL
005 20260301005718.0
008 251124s1992 xr 0 cze
020 |c [15,00] 
035 |a SNK000283546 
040 |a SNK  |b slo  |c SNK  |e AACR2 
044 |a xr  |c CZ 
080 |a 398.3:291.33  |2 1981 
100 1 |a Rychlík, Jan  |4 aut  |9 290440 
245 1 0 |a Magie, pověra, zvyk, lidové náboženství - jejich vzájemné vztahy  |c Jan Rychlík, Magdaléna Rychlíková 
260 |a [S.l.  |b s.n.  |c 1992] 
300 |a S. 31-39  |c 23 cm 
650 0 7 |a mágia  |2 SNK  |9 2088 
700 1 |a Rychlíková, Magdaléna,  |d 1955-  |4 aut  |9 290441 
999 |c 545993  |d 547923 
952 |t P60, <04>, [BOOK], {604}  |a SNK  |b SNK  |y VYP  |7 0  |p 17A0138384  |o snkOIC 6581  |i snkV 565/98  |0 0  |1 0  |4 0  |d 1998-05-15  |l 0  |r 2005-01-02 00:00:00  |w 2026-02-23